Make the country from the letter jumble - Statistics

General Stats
  • This quiz has been taken 714 times
  • The average score is 13 of 15
Answer Stats
Jumble Answer % Correct
dahc chad
98%
inhca china
98%
syrupc cyprus
93%
laupa palau
93%
rieng niger
91%
miabag gambia
87%
mancoo monaco
87%
biares serbia
87%
pisan spain
87%
lagnees senegal
83%
nedkarm denmark
81%
arnagicau nicaragua
79%
laubrse belarus
73%
dengara grenada
70%
hambasa bahamas
65%
No matching quizzes found
Score Distribution
Percent of People with Each Score
Percentile by Number Answered
Your Score History
You have not taken this quiz